000 00485nam a2200193Ia 4500
008 220531s9999 xx 000 0 und d
041 _amar
082 _bDAT
100 _aदातार, माधव
_978344
245 _aअर्थाचित्रे
250 _a1ST
260 _aPune
_bUnique Academy
_c2014
300 _a208
542 _d20-03-2017
551 _aEconomics
650 _aEconomics
_978345
906 _d2016-2017
_f10689
999 _c43415
_d43415